000 00596nam a2200181Ia 4500
008 090630s9999 xx 000 0 und d
082 _b11864
100 _aमाळी संध्या.
245 _aजादूची अंगठी.
_cमाळी संध्या.
260 _bश्रध्दा.
_c1992
300 _a16
600 _aमाळी संध्या.
630 _aजादूची अंगठी.
655 _aबालवाङमय.
700 _aमाळी संध्या.
730 _aजादूची अंगठी.
942 _cBOOK
999 _c263720
_d263720